00925nam a2200241Ia 4500001000600000003000900006008004100015040001300056040001300069041001200082100001900094100002900113245007000142245007600212250001100288260001100299260002600310260004900336300005900385500018300444650002500627650003100652E7369IT-RoPAU130308s9999 xx 000 0 und d aIT-RoPAU cIT-RoPAU aINGLESE aMccarron Kevin gCodice Aut. SPICS: 49413 aCorpses, Animals, Machines and Mannequins: the Body and Cyberpunk bCyberspace/Cyberbodies/Cyberpunk - cultures Of Technological Embodiment a1a ed. aLONDON bSage Publications Ltd c1996 [1° Ed.:1995 - Ed.Ling.Originale:1995] a"13 p. (prefazione: no ; testo: 13 [pagine: 261-273])" aCadaveri, Animali, Macchine e Manichini: Corpo e Cyberpunk. Corpo Come Accidente, Non Connesso Alla Pura sostanza della Mente. trilogia di William Gibson. Femminismo e Cyberpunk. aSAGGI DI CIBERNETICA eCodice materia Spics: 4107